000 00313nam a2200145Ia 4500
008 191201s1968 xx 000 0 und d
082 _a534
_bEFS
100 _aEFRON,Alexander
245 0 _aSound
250 _a1st
260 _aBombay
_bVakils fefer
_c1968
300 _a72
650 _aApplied
942 _2ddc
_cBK
999 _c515
_d515